000 00812nam a2200253#a 4500
001 00574
003 HDC
007 ta
008 230623s2005 xx 000 0 eng d
040 _aHDC
050 _aHG 187
_b.M87 2005
100 _aMustafa Dakian
245 0 _aSistem kewangan Islam :
_binstrumen, mekanisme, dan pelaksanaannya di Malaysia /
_cMustafa Dakian
264 _aKuala Lumpur :
_bUtusan Publications & Distributors,
_c2005
300 _aviii, 126p. :
_b il. ;
_c 25cm.
440 _aSiri pengajian dan pendidikan Utusan
500 _aIncludes bibliographical references and index.
650 _aBanks and banking
_zMalaysia
_xReligious aspects
_xIslam
650 _aFinance
_zMalaysia
_xReligious aspects
_xIslam
942 _2lcc
942 _cBK
942 _kHG 187
942 _m.M87 2005
999 _c22215
_d22215